[Event "BIH-chT (Women) 19th"]
[Site "Neum"]
[Date "2022.09.12"]
[Round "3.2"]
[White "Popadic, Milica"]
[Black "Mahmutbegovic, Nadina"]
[Result "1/2-1/2"]
[WhiteElo "1667"]
[BlackElo "1969"]
[PlyCount "146"]
[EventDate "2022.09.10"]
[EventType "team-tourn"]
[EventRounds "3"]
[EventCountry "BIH"]
[SourceTitle "EXT 2024"]
[Source "ChessBase"]
[SourceDate "2023.10.10"]
[SourceVersion "1"]
[SourceVersionDate "2023.10.10"]
[SourceQuality "1"]
[WhiteTeam "Zenica Napredak (W)"]
[BlackTeam "Busovaca Hrasno (W)"]
[WhiteTeamCountry "BIH"]
[BlackTeamCountry "BIH"]

1. d4 d5 2. e3 c5 3. f4 cxd4 4. exd4 Nf6 5. Nf3 Bf5 6. Bd3 Bxd3 7. Qxd3 e6 8. 0-0 g6 9. Ne5 Nbd7 10. Nd2 Bg7 11. b3 0-0 12. a4 a5 13. Ba3 Re8 14. Rac1 Bf8 15. Bb2 Rc8 16. h3 Nb8 17. g4 Nc6 18. c3 Nd7 19. Qf3 f6 20. Nd3 Bg7 21. f5 Nf8 22. Nf4 g5 23. Nh5 e5 24. dxe5 Nxe5 25. Qg3 Nfd7 26. Rfd1 Nc5 27. Ba3 Ncd3 28. Rc2 Qb6+ 29. Kg2 Nc5 30. Bxc5 Rxc5 31. Rdc1 Rec8 32. Qe3 Qc6 33. Qd4 Qc7 34. Ng3 Rd8 35. Ngf1 Bf8 36. Nf3 Kg7 37. Re2 Bd6 38. N1d2 Rc8 39. Re3 Nc6 40. Qd3 Bf4 41. Re6 Ne5 42. Qe2 Rxc3 43. Rd1 Rc6 44. Nd4 Kf7 45. Nxc6 bxc6 46. Nf3 Qb6 47. Nd4 Re8 48. Qc2 Rb8 49. Rd3 Nxd3 50. Qxd3 Be5 51. Nxc6 Qxb3 52. Nxe5+ fxe5 53. Qxb3 Rxb3 54. Rxe5 Ra3 55. Rxd5 Rxa4 56. Rd7+ Kg8 57. Ra7 Ra3 58. f6 a4 59. Rg7+ Kh8 60. Rxg5 Ra2+ 61. Kg3 Rb2 62. f7 Rb8 63. Ra5 Rf8 64. Rxa4 Rxf7 65. Ra6 Kg7 66. h4 Rb7 67. g5 Rb4 68. h5 Rb3+ 69. Kf4 Rb4+ 70. Ke3 Rb3+ 71. Ke4 Rb4+ 72. Kd3 Rb5 73. Ra7+ Kg8 1/2-1/2

[Event "BIH-chT (Women) 18th"]
[Site "Neum"]
[Date "2021.09.19"]
[Round "3.1"]
[White "Popadic, Milica"]
[Black "Mahmutbegovic, Nadina"]
[Result "0-1"]
[WhiteElo "1657"]
[BlackElo "1955"]
[PlyCount "70"]
[EventDate "2021.09.17"]
[EventType "team-tourn"]
[EventRounds "3"]
[EventCountry "BIH"]
[SourceTitle "EXT 2023"]
[Source "ChessBase"]
[SourceDate "2022.10.05"]
[SourceVersion "1"]
[SourceVersionDate "2022.10.05"]
[SourceQuality "1"]
[WhiteTeam "Zenica Napredak (W)"]
[BlackTeam "Busovaca Hrasno (W)"]
[WhiteTeamCountry "BIH"]
[BlackTeamCountry "BIH"]

1. d4 Nf6 2. Bg5 d6 3. Bxf6 exf6 4. c4 g6 5. Nc3 Bg7 6. Nf3 f5 7. e3 Nd7 8. Be2 Nf6 9. Qc2 0-0 10. h3 Bd7 11. a3 a6 12. 0-0 Re8 13. Bd3 c6 14. a4 a5 15. Rac1 Qb6 16. Rfd1 Re7 17. Nd2 Be6 18. Ne2 Nh5 19. b3 Qc7 20. c5 d5 21. f3 Bh6 22. f4 Bd7 23. Nf1 Rae8 24. h4 Bg7 25. Qd2 Nf6 26. Neg3 Ng4 27. Re1 Bf6 28. h5 Bh4 29. hxg6 fxg6 30. e4 fxe4 31. Be2 e3 32. Qd3 Qxf4 33. Bxg4 Bxg4 34. Ne2 Bf2+ 35. Kh1 Bxe2 0-1

[Event "Lukavac op 8th"]
[Site "Lukavac"]
[Date "2019.11.24"]
[Round "5"]
[White "Mahmutbegovic, Nadina"]
[Black "Kustura, Hajrudin"]
[Result "1/2-1/2"]
[WhiteElo "1983"]
[BlackElo "1706"]
[PlyCount "59"]
[EventDate "2019.11.22"]
[EventType "swiss"]
[EventRounds "7"]
[EventCountry "BIH"]
[SourceTitle "CBM 193 Extra"]
[Source "ChessBase"]
[SourceDate "2020.01.31"]
[SourceVersion "1"]
[SourceVersionDate "2020.01.31"]
[SourceQuality "1"]

1. e4 e6 2. d4 d5 3. exd5 exd5 4. Bd3 Nf6 5. Nf3 Bg4 6. 0-0 Nc6 7. Re1+ Be7 8. c3 0-0 9. h3 Bh5 10. Bf4 Bd6 11. Bxd6 Qxd6 12. Nbd2 Rae8 13. Qc2 Bg6 14. a3 a6 15. g3 Re7 16. Rxe7 Nxe7 17. Re1 h6 18. Ne5 Bxd3 19. Qxd3 Re8 20. c4 c6 21. cxd5 cxd5 22. Rc1 Rc8 23. Rxc8+ Nxc8 24. Qc3 Qe6 25. Kg2 Nd6 26. Qc7 Nb5 27. Qxb7 Nxd4 28. Qb8+ Kh7 29. Qc7 Kg8 30. Qb8+ 1/2-1/2

[Event "Lukavac op 8th"]
[Site "Lukavac"]
[Date "2019.11.23"]
[Round "2"]
[White "Mahmutbegovic, Nadina"]
[Black "Stavnjak, Lazar"]
[Result "1/2-1/2"]
[WhiteElo "1983"]
[BlackElo "2207"]
[PlyCount "109"]
[EventDate "2019.11.22"]
[EventType "swiss"]
[EventRounds "7"]
[EventCountry "BIH"]
[SourceTitle "CBM 193 Extra"]
[Source "ChessBase"]
[SourceDate "2020.01.31"]
[SourceVersion "1"]
[SourceVersionDate "2020.01.31"]
[SourceQuality "1"]

1. b3 d5 2. Bb2 Nf6 3. e3 Bf5 4. f4 e6 5. Nf3 Nbd7 6. Be2 h6 7. 0-0 c6 8. c4 dxc4 9. bxc4 Nc5 10. d4 Nce4 11. Nfd2 Qb6 12. Qb3 Qxb3 13. axb3 Nxd2 14. Nxd2 Bb4 15. Bc1 0-0 16. Ra2 Rfd8 17. h3 a6 18. Ba3 Bxa3 19. Rxa3 c5 20. Nf3 cxd4 21. Nxd4 Be4 22. Ra2 Rac8 23. Rd1 Kf8 24. Rad2 Ke7 25. Kf2 Rd7 26. g4 Rcd8 27. h4 Bc6 28. Nxc6+ bxc6 29. Rxd7+ Rxd7 30. Rxd7+ Kxd7 31. b4 c5 32. b5 axb5 33. cxb5 Kd6 34. Kf3 Nd5 35. e4 Nb6 36. Ke3 e5 37. fxe5+ Kxe5 38. g5 f6 39. gxh6 gxh6 40. Bf1 Nc8 41. Bd3 Nb6 42. Bf1 Kd6 43. Be2 Ke5 44. Bf1 f5 45. exf5 Kxf5 46. Bh3+ Ke5 47. Bf1 c4 48. Be2 Nd5+ 49. Kf3 c3 50. Bd3 Nb4 51. b6 Kd6 52. b7 Kc7 53. Be4 Nd5 54. Ke2 Nb4 55. Ke3 1/2-1/2

[Event "Gradiste op 1st"]
[Site "Gradiste"]
[Date "2019.06.27"]
[Round "7"]
[White "Kosanovic, Goran A"]
[Black "Mahmutbegovic, Nadina"]
[Result "1-0"]
[WhiteElo "2316"]
[BlackElo "1976"]
[PlyCount "93"]
[EventDate "2019.06.24"]
[EventType "swiss"]
[EventRounds "9"]
[EventCountry "CRO"]
[SourceTitle "EXT 2020"]
[Source "ChessBase"]
[SourceDate "2019.10.17"]
[SourceVersion "1"]
[SourceVersionDate "2019.10.17"]
[SourceQuality "1"]

1. d4 Nf6 2. Bg5 d5 3. Bxf6 gxf6 4. e3 c5 5. Nc3 e6 6. Qf3 a6 7. Nge2 Nc6 8. 0-0-0 f5 9. dxc5 Qa5 10. Qg3 Bd7 11. Nd4 Qxc5 12. Nxf5 0-0-0 13. Nd4 Bd6 14. f4 Nxd4 15. Rxd4 Qa5 16. Qe1 Bc5 17. Rd3 Kb8 18. Be2 Rc8 19. a3 Rc7 20. Nd1 Qa4 21. Nc3 Qa5 22. Nd1 Qa4 23. Kb1 Rhc8 24. Rb3 d4 25. exd4 Bxd4 26. Bd3 e5 27. Ne3 Be6 28. Rb4 Qc6 29. fxe5 Bxe5 30. Nc4 Bxc4 31. Rxc4 Qd6 32. Rb4 Bxh2 33. Qh4 Bg3 34. Qxh7 f6 35. Qe4 Be5 36. g4 Qc6 37. Qe1 Qg2 38. Be4 Qg3 39. Qe2 Ka7 40. Rb3 Qf4 41. Rf1 Qh6 42. Rh1 Qf4 43. Rf1 Qh6 44. Qf2+ Kb8 45. Qb6 Qg7 46. Qxa6 Rd8 47. Qb5 1-0

[Event "Olympiad Women-43"]
[Site "Batumi"]
[Date "2018.09.25"]
[Round "2.9"]
[White "Yanjindulam, Dulamsuren"]
[Black "Mahmutbegovic, Nadina"]
[Result "0-1"]
[WhiteElo "2123"]
[BlackElo "1946"]
[PlyCount "78"]
[EventDate "2018.09.24"]
[EventType "team-swiss"]
[EventRounds "11"]
[EventCountry "GEO"]
[SourceTitle "EXT 2020"]
[Source "ChessBase"]
[SourceDate "2019.10.17"]
[SourceVersion "1"]
[SourceVersionDate "2019.10.17"]
[SourceQuality "1"]
[WhiteTeam "Mongolia (W)"]
[BlackTeam "Bosnia&Herzegovina (W)"]
[WhiteTeamCountry "MGL"]
[BlackTeamCountry "BIH"]

1. e4 e5 2. Nf3 Nc6 3. Bb5 a6 4. Ba4 Nf6 5. d3 b5 6. Bb3 Be7 7. 0-0 0-0 8. Nc3 d6 9. a3 Bg4 10. Be3 Na5 11. Ba2 c5 12. h3 Be6 13. Bxe6 fxe6 14. Ne2 Nc6 15. Ng5 Qd7 16. f4 h6 17. Nf3 Nh5 18. fxe5 dxe5 19. Qd2 Qe8 20. g4 Nf6 21. Ng3 Nh7 22. Kg2 Nd4 23. Nxe5 Bf6 24. Bxd4 cxd4 25. Nf3 Qc6 26. Nh5 Rac8 27. Nxf6+ Nxf6 28. Nxd4 Qd6 29. c3 Kh7 30. Rad1 Rcd8 31. Qc2 h5 32. Qe2 h4 33. Rf3 Nd7 34. Qf2 g5 35. Ne2 Ne5 36. Rxf8 Rxf8 37. Qd4 Qc7 38. Qe3 Nf3 39. Rh1 Kg6 0-1

[Event "Valpovo op (Women) 20th"]
[Site "Valpovo"]
[Date "2017.12.09"]
[Round "3.3"]
[White "Roklicer, Heike"]
[Black "Mahmutbegovic, Nadina"]
[Result "1/2-1/2"]
[WhiteElo "2059"]
[BlackElo "1930"]
[PlyCount "76"]
[EventDate "2017.12.08"]
[EventType "swiss (rapid)"]
[EventRounds "7"]
[EventCountry "CRO"]
[SourceTitle "EXT 2023"]
[Source "ChessBase"]
[SourceDate "2022.10.05"]
[SourceVersion "1"]
[SourceVersionDate "2022.10.05"]
[SourceQuality "1"]

1. d4 d5 2. c4 e6 3. Nf3 Nf6 4. g3 Be7 5. Bg2 0-0 6. Qc2 Nbd7 7. 0-0 b6 8. Nc3 Bb7 9. cxd5 exd5 10. Bf4 c5 11. Rfd1 c4 12. Ne5 Bb4 13. Nxc4 Rc8 14. Nd6 Bxd6 15. Bxd6 Re8 16. Qb3 Ne4 17. Nxe4 dxe4 18. e3 Qf6 19. Ba3 Qh6 20. Rdc1 Nf6 21. Qd1 Nd5 22. Qe2 Rc6 23. Rxc6 Qxc6 24. Qd2 Nf6 25. Rc1 Qe6 26. b3 Rc8 27. Rxc8+ Qxc8 28. Qc1 Qd7 29. Qc4 Bd5 30. Qb4 h6 31. Qc3 Ng4 32. Bh3 Qf5 33. Bxg4 Qxg4 34. Qd2 Be6 35. d5 Bd7 36. Qe1 Qf3 37. Qf1 Qh5 38. h4 Qxd5 1/2-1/2

[Event "Valpovo op (Women) 20th"]
[Site "Valpovo"]
[Date "2017.12.08"]
[Round "1.7"]
[White "Juric, Ester"]
[Black "Mahmutbegovic, Nadina"]
[Result "1/2-1/2"]
[WhiteElo "1395"]
[BlackElo "1930"]
[PlyCount "53"]
[EventDate "2017.12.08"]
[EventType "swiss (rapid)"]
[EventRounds "7"]
[EventCountry "CRO"]
[SourceTitle "EXT 2023"]
[Source "ChessBase"]
[SourceDate "2022.10.05"]
[SourceVersion "1"]
[SourceVersionDate "2022.10.05"]
[SourceQuality "1"]

1. d4 d5 2. c4 e6 3. Nc3 Nf6 4. Nf3 Be7 5. e3 b6 6. Bd3 dxc4 7. Bxc4 Bb7 8. 0-0 0-0 9. b3 Nbd7 10. Bb2 c5 11. dxc5 Nxc5 12. Nd4 a6 13. b4 Nce4 14. a3 Nxc3 15. Bxc3 Rc8 16. Qb3 Nd5 17. Rac1 Bd6 18. Bb2 Qg5 19. g3 h5 20. f4 Qg4 21. Be2 Qh3 22. Bf3 Ba8 23. Bg2 Qg4 24. Bf3 Qh3 25. Bg2 Qg4 26. Bf3 Qh3 27. Bg2 1/2-1/2

[Event "CRO-chT (Women)"]
[Site "Sibenik"]
[Date "2016.10.13"]
[Round "7.2"]
[White "Turk, Tajana"]
[Black "Mahmutbegovic, Nadina"]
[Result "1-0"]
[WhiteElo "1991"]
[BlackElo "1920"]
[PlyCount "115"]
[EventDate "2016.10.08"]
[EventType "team-tourn"]
[EventRounds "9"]
[EventCountry "CRO"]
[SourceTitle "EXT 2017"]
[Source "ChessBase"]
[SourceDate "2016.10.25"]
[SourceVersion "1"]
[SourceVersionDate "2016.10.25"]
[SourceQuality "1"]
[WhiteTeam "Sisak (W)"]
[BlackTeam "Djakovo Dama (W)"]
[WhiteTeamCountry "CRO"]
[BlackTeamCountry "CRO"]

1. d4 d5 2. c4 e5 3. dxe5 d4 4. Nf3 Nc6 5. Bf4 Nge7 6. a3 Ng6 7. Bg5 f6 8. exf6 gxf6 9. Bd2 Be6 10. Qc2 Nce5 11. Nxe5 Nxe5 12. b3 Bg7 13. f4 Nc6 14. f5 Bd7 15. Bf4 Kf7 16. Nd2 Qc8 17. g4 h5 18. Bh3 hxg4 19. Bxg4 Ne7 20. c5 Bxf5 21. Qc4+ Kf8 22. Bf3 Ng6 23. Bg3 Be6 24. Qb4 c6 25. Qxd4 f5 26. Qd6+ Kf7 27. Rc1 Rd8 28. Qc7+ Qxc7 29. Bxc7 Rd7 30. Bd6 Bb2 31. Rb1 Bc3 32. Bh5 Kf6 33. Bxg6 Kxg6 34. Rg1+ Kf6 35. Rg3 Bxd2+ 36. Kxd2 Rh8 37. Rbg1 Bf7 38. Rd3 Rdd8 39. Kc3 Rde8 40. Rg2 Bd5 41. Rf2 Rh4 42. Bf4 Re4 43. e3 Rh7 44. Rd4 Rh3 45. Rxe4 Bxe4 46. a4 Rh7 47. b4 a6 48. Rd2 Bd5 49. b5 axb5 50. axb5 Rd7 51. b6 Ke6 52. Rd1 Be4 53. Bd6 Rg7 54. Ra1 Kd5 55. Ra7 Rg2 56. Rxb7 Rc2+ 57. Kb3 Rc4 58. Re7 1-0

[Event "Olympiad Women-42"]
[Site "Baku"]
[Date "2016.09.11"]
[Round "9.4"]
[White "Aranaz Murillo, Amalia"]
[Black "Mahmutbegovic, Nadina"]
[Result "1-0"]
[WhiteElo "2279"]
[BlackElo "1908"]
[PlyCount "89"]
[EventDate "2016.09.02"]
[EventType "team-swiss"]
[EventRounds "11"]
[EventCountry "AZE"]
[SourceTitle "CBM 174 Extra"]
[Source "ChessBase"]
[SourceDate "2016.10.10"]
[SourceVersion "1"]
[SourceVersionDate "2016.10.10"]
[SourceQuality "1"]
[WhiteTeam "Spain (W)"]
[BlackTeam "Bosnia&Herzegovina (W)"]
[WhiteTeamCountry "ESP"]
[BlackTeamCountry "BIH"]

1. Nf3 Nf6 2. c4 b6 3. g3 Bb7 4. Bg2 g6 5. 0-0 Bg7 6. d4 0-0 7. b3 d6 8. Bb2 Nbd7 9. Nc3 Ne4 10. Qc2 Nxc3 11. Bxc3 Nf6 12. Bb2 Be4 13. Qd2 c5 14. Rfd1 Qc7 15. Rac1 Rab8 16. Qe3 Qb7 17. Bh3 Bxf3 18. exf3 Rfe8 19. f4 Rbd8 20. Bg2 Qc8 21. Qe2 Nh5 22. Bf3 Nf6 23. Rd2 Nd7 24. Qd1 Bxd4 25. Bxd4 cxd4 26. Rxd4 Nf6 27. Rc2 Rd7 28. h4 e5 29. fxe5 dxe5 30. Rxd7 Qxd7 31. Qxd7 Nxd7 32. Bc6 Re7 33. Rd2 Nf6 34. Rd6 Kg7 35. Kf1 Re6 36. Rxe6 fxe6 37. Ke2 Kf7 38. Kd3 Ke7 39. Be4 Kd6 40. b4 Ng4 41. f3 Nf6 42. g4 a5 43. Kc3 Nd7 44. c5+ bxc5 45. bxa5 1-0

[Event "Olympiad Women-42"]
[Site "Baku"]
[Date "2016.09.09"]
[Round "7.4"]
[White "Mahmutbegovic, Nadina"]
[Black "Odinaeva, Saodat"]
[Result "1/2-1/2"]
[WhiteElo "1908"]
[BlackElo "1881"]
[PlyCount "129"]
[EventDate "2016.09.02"]
[EventType "team-swiss"]
[EventRounds "11"]
[EventCountry "AZE"]
[SourceTitle "CBM 174 Extra"]
[Source "ChessBase"]
[SourceDate "2016.10.10"]
[SourceVersion "1"]
[SourceVersionDate "2016.10.10"]
[SourceQuality "1"]
[WhiteTeam "Bosnia&Herzegovina (W)"]
[BlackTeam "Tajikistan (W)"]
[WhiteTeamCountry "BIH"]
[BlackTeamCountry "TJK"]

1. e4 e6 2. d4 d5 3. exd5 exd5 4. Bd3 Bd6 5. Nf3 Nf6 6. 0-0 0-0 7. Bg5 Be6 8. Nbd2 c6 9. Re1 Nbd7 10. Ne5 Qc7 11. Ndf3 Rae8 12. c3 Ng4 13. Bf4 h6 14. h3 Ngf6 15. Bc2 c5 16. Nxd7 Bxd7 17. Bxd6 Qxd6 18. Ne5 Bc6 19. Re3 Re7 20. Qd3 Rfe8 21. Rae1 Ne4 22. f3 c4 23. Qe2 Ng3 24. Qf2 Nh5 25. Qh4 Nf6 26. Qf2 Bd7 27. R1e2 Bc8 28. Qe1 Be6 29. f4 Qc7 30. f5 Bc8 31. Nxc4 Rxe3 32. Rxe3 Rxe3 33. Nxe3 Qf4 34. Nxd5 Nxd5 35. Qe8+ Kh7 36. f6+ Bf5 37. Bxf5+ Qxf5 38. Qxf7 Nxf6 39. Qxb7 Ne4 40. Qc7 Qf2+ 41. Kh2 Nd2 42. Kh1 Nf1 43. Qe5 Nd2 44. d5 Qf1+ 45. Kh2 Qf2 46. Kh1 Qf1+ 47. Kh2 Qd3 48. b3 Qc2 49. Kh1 Qd1+ 50. Kh2 Nf1+ 51. Kg1 Ne3+ 52. Kh2 Nxd5 53. Qf5+ Kg8 54. Qe6+ Kf8 55. Qd6+ Kf7 56. Qd7+ Kg6 57. c4 Nc3 58. Qe6+ Kh7 59. Qf5+ Kg8 60. Qe6+ Kf8 61. Qf5+ Kg8 62. Qe6+ Kh8 63. Qc8+ Kh7 64. Qf5+ Kg8 65. Qe6+ 1/2-1/2

[Event "CRO-chT (Women) 24th"]
[Site "Bol"]
[Date "2015.10.03"]
[Round "1.12"]
[White "Mahmutbegovic, Nadina"]
[Black "Turk, Tajana"]
[Result "1-0"]
[WhiteElo "1881"]
[BlackElo "1958"]
[PlyCount "59"]
[EventDate "2015.10.03"]
[EventType "team-tourn"]
[EventRounds "9"]
[EventCountry "CRO"]
[SourceTitle "CBM 168 Extra"]
[Source "ChessBase"]
[SourceDate "2015.10.29"]
[SourceVersion "1"]
[SourceVersionDate "2015.10.29"]
[SourceQuality "1"]
[WhiteTeam "Djakovo Dama (W)"]
[BlackTeam "Sisak (W)"]
[WhiteTeamCountry "CRO"]
[BlackTeamCountry "CRO"]

1. e4 d5 2. exd5 Qxd5 3. Nc3 Qd6 4. Nf3 Nf6 5. d4 a6 6. Bd3 Bg4 7. 0-0 Nc6 8. Ne4 Nxe4 9. Bxe4 0-0-0 10. c3 f5 11. Bxc6 Qxc6 12. Ne5 Qe6 13. Qb3 Qxb3 14. axb3 Bh5 15. b4 Rg8 16. b5 Be2 17. bxa6 Bxa6 18. Re1 Rd6 19. b4 Kb8 20. Bb2 b5 21. Ra5 e6 22. Rea1 Kb7 23. c4 bxc4 24. b5 Bxb5 25. Rxb5+ Rb6 26. Rxb6+ cxb6 27. Nxc4 Bb4 28. Rb1 Rc8 29. Nxb6 Rc7 30. Na4 1-0

[Event "BIH-chT (Women) 13th"]
[Site "Prijedor"]
[Date "2015.09.05"]
[Round "1.3"]
[White "Mahmutbegovic, Nadina"]
[Black "Tomic, Milanka"]
[Result "1-0"]
[WhiteElo "1889"]
[BlackElo "1756"]
[PlyCount "85"]
[EventDate "2015.09.05"]
[EventType "team-tourn"]
[EventRounds "3"]
[EventCountry "BIH"]
[SourceTitle "EXT 2016"]
[Source "ChessBase"]
[SourceDate "2015.10.08"]
[SourceVersion "1"]
[SourceVersionDate "2015.10.08"]
[SourceQuality "1"]
[WhiteTeam "Dvorovi (W)"]
[BlackTeam "Sarajevo Slavija (W)"]
[WhiteTeamCountry "BIH"]
[BlackTeamCountry "BIH"]

1. e4 e5 2. Nf3 Nc6 3. Bb5 a6 4. Ba4 Nf6 5. 0-0 Be7 6. Re1 b5 7. Bb3 d6 8. c3 0-0 9. d4 Bg4 10. Be3 Re8 11. d5 Na5 12. Bc2 c5 13. Nbd2 Qc7 14. h3 Bd7 15. Nf1 Nc4 16. Bc1 Rec8 17. Ng3 Nb6 18. Nh2 Ne8 19. f4 f6 20. Rf1 b4 21. Nh5 g6 22. Ng3 Ng7 23. f5 Rf8 24. h4 gxf5 25. exf5 Qb7 26. Be4 Bb5 27. Rf2 Bc4 28. Rd2 bxc3 29. bxc3 Kh8 30. Ng4 Ne8 31. Nh5 Nc7 32. Nh6 Bd8 33. Qg4 Ne8 34. Rb2 Ng7 35. Rab1 Rb8 36. Rxb6 Bxb6 37. Rxb6 Qe7 38. Rxb8 Rxb8 39. Nxf6 Qxf6 40. Bg5 Qf8 41. f6 Ne8 42. Qf5 Rb7 43. f7 1-0

[Event "CRO-chT (Women)"]
[Site "Bol"]
[Date "2014.10.10"]
[Round "7.3"]
[White "Dejanovic, Tereza"]
[Black "Mahmutbegovic, Nadina"]
[Result "0-1"]
[WhiteElo "1448"]
[BlackElo "1842"]
[PlyCount "122"]
[EventDate "2014.10.04"]
[EventType "team-tourn"]
[EventRounds "7"]
[EventCountry "CRO"]
[SourceTitle "CBM 162 Extra"]
[Source "ChessBase"]
[SourceDate "2014.10.17"]
[SourceVersion "1"]
[SourceVersionDate "2014.10.17"]
[SourceQuality "1"]
[WhiteTeam "Sisak (W)"]
[BlackTeam "Djakovo (W)"]
[WhiteTeamCountry "CRO"]
[BlackTeamCountry "CRO"]

1. e4 e5 2. Nf3 Nc6 3. Bc4 Nf6 4. d3 Bc5 5. c3 0-0 6. b4 Bb6 7. a4 a6 8. Bg5 d6 9. 0-0 h6 10. Bh4 Qe7 11. Bb3 Bg4 12. Nbd2 g5 13. Bg3 Nh5 14. Qc2 Nf4 15. Bxf4 gxf4 16. h3 Bd7 17. Qd1 Kh7 18. Nh2 Rg8 19. Qf3 Rg3 20. Qh5 Bxh3 21. Bxf7 Bxg2 22. Ng4 Bf3+ 23. Kh2 Rxg4 24. Nxf3 Rg7 25. Bb3 Rf8 26. b5 axb5 27. axb5 Nd8 28. Qh3 Nf7 29. Be6 Qf6 30. Bf5+ Kh8 31. Kh1 Ng5 32. Nxg5 Rxg5 33. Bg4 f3 34. Ra2 Kg7 35. Rg1 Qg6 36. Kh2 Qf7 37. Rb2 Qf4+ 38. Qg3 h5 39. Qxf4 Rxf4 40. Bh3 Rxg1 41. Kxg1 Ba5 42. Rc2 Rf8 43. c4 Kf6 44. c5 Rg8+ 45. Kf1 dxc5 46. Rxc5 Bb6 47. Rc2 Kg5 48. Kg1 Rd8 49. Rc3 Ra8 50. Rc2 Ra3 51. Rd2 Ba5 52. Rd1 Rb3 53. Bf1 Rxb5 54. d4 Rb2 55. dxe5 Bb6 56. e6 Bxf2+ 57. Kh2 Kf4 58. Kh3 Bg3 59. Bg2 Rxg2 60. Rh1 Re2 61. Rc1 Rh2# 0-1

[Event "CRO-chT (Women)"]
[Site "Bol"]
[Date "2014.10.08"]
[Round "5.4"]
[White "Mahmutbegovic, Nadina"]
[Black "Macek, Vlasta"]
[Result "1/2-1/2"]
[WhiteElo "1842"]
[BlackElo "2150"]
[PlyCount "64"]
[EventDate "2014.10.04"]
[EventType "team-tourn"]
[EventRounds "7"]
[EventCountry "CRO"]
[SourceTitle "CBM 162 Extra"]
[Source "ChessBase"]
[SourceDate "2014.10.17"]
[SourceVersion "1"]
[SourceVersionDate "2014.10.17"]
[SourceQuality "1"]
[WhiteTeam "Djakovo (W)"]
[BlackTeam "Zagreb Mladost (W)"]
[WhiteTeamCountry "CRO"]
[BlackTeamCountry "CRO"]

1. e4 c5 2. Nc3 d6 3. g3 Nc6 4. Bg2 g6 5. d3 Bg7 6. f4 e6 7. Be3 Nge7 8. Nf3 Nd4 9. Qd2 Rb8 10. Nd1 d5 11. 0-0 Nxf3+ 12. Bxf3 b6 13. Kh1 Bb7 14. Qe2 0-0 15. Rb1 Qd7 16. Nf2 Nc6 17. c3 Ne7 18. Ng4 Rbd8 19. Rbd1 Qc7 20. e5 d4 21. Bc1 dxc3 22. bxc3 Nd5 23. Bb2 h5 24. Nf2 Rd7 25. h3 h4 26. Kh2 hxg3+ 27. Kxg3 Ne7 28. Be4 Rfd8 29. Ng4 Bxe4 30. dxe4 Kf8 31. h4 Nc6 32. Ne3 Nb8 1/2-1/2

[Event "Busevec op U20 Girls 13th"]
[Site "Busevec"]
[Date "2014.04.27"]
[Round "6"]
[White "Dasic, Jelena"]
[Black "Mahmutbegovic, Nadina"]
[Result "1/2-1/2"]
[WhiteElo "1593"]
[BlackElo "1786"]
[PlyCount "161"]
[EventDate "2014.04.26"]
[EventType "swiss (rapid)"]
[EventRounds "6"]
[EventCountry "CRO"]
[SourceTitle "EXT 2015"]
[Source "ChessBase"]
[SourceDate "2014.11.20"]
[SourceVersion "1"]
[SourceVersionDate "2014.11.20"]
[SourceQuality "1"]

1. e4 e5 2. Nc3 Nf6 3. f4 d5 4. exd5 exf4 5. Nf3 Nxd5 6. Bc4 Nxc3 7. dxc3 Bd6 8. 0-0 0-0 9. Nd4 Qh4 10. Qe1 Qxe1 11. Rxe1 g5 12. Nf3 g4 13. Ng5 Bf5 14. Nxf7 Rxf7 15. Bxf7+ Kxf7 16. Bd2 Nc6 17. Rf1 Re8 18. Bxf4 Bxf4 19. Rxf4 Kg6 20. Raf1 Re5 21. g3 Ne7 22. Rc4 Nd5 23. Rc5 b6 24. Rc6+ Kg5 25. c4 Nb4 26. Rxc7 Nxc2 27. Rg7+ Kh6 28. Rxa7 Nd4 29. Ra6 Bd3 30. Rxb6+ Kg5 31. h4+ gxh3 32. Rf2 Re1+ 33. Kh2 Bf5 34. c5 Bg4 35. Rbf6 Nf5 36. Rf8 Rc1 37. b4 Rc4 38. a3 Rc3 39. a4 Nxg3 40. c6 Ne4 41. Rb2 Rxc6 42. b5 Rc1 43. b6 Nd6 44. Rd8 Nb7 45. Rb8 Bf3 46. Kg3 Bc6 47. Rg8+ Kh6 48. Kf4 Rh1 49. Rb3 Rf1+ 50. Ke5 Bg2 51. Rgg3 h2 52. Rh3+ Bxh3 53. Rxh3+ Kg6 54. Rxh2 Ra1 55. Rh4 Nc5 56. Kd6 Nxa4 57. b7 Rd1+ 58. Kc6 Rc1+ 59. Kb5 Nc3+ 60. Ka5 Ra1+ 61. Kb6 Rb1+ 62. Kc7 Nb5+ 63. Kc6 Na7+ 64. Kc7 Nb5+ 65. Kc6 Nd6 66. Kxd6 Rxb7 67. Ke5 Kg5 68. Rh1 Re7+ 69. Kd6 Rf7 70. Ke6 Ra7 71. Rg1+ Kh6 72. Kf6 Ra6+ 73. Kf5 Rb6 74. Rg2 Rb1 75. Kf4 Rf1+ 76. Kg3 Kg5 77. Kh3+ Kf6 78. Kh2 h5 79. Rg8 Rd1 80. Rg2 Rd3 81. Rg1 1/2-1/2

[Event "Busevec op U20 Girls 13th"]
[Site "Busevec"]
[Date "2014.04.27"]
[Round "5"]
[White "Mahmutbegovic, Nadina"]
[Black "Cvitan, Ena"]
[Result "0-1"]
[WhiteElo "1786"]
[BlackElo "1644"]
[PlyCount "66"]
[EventDate "2014.04.26"]
[EventType "swiss (rapid)"]
[EventRounds "6"]
[EventCountry "CRO"]
[SourceTitle "EXT 2015"]
[Source "ChessBase"]
[SourceDate "2014.11.20"]
[SourceVersion "1"]
[SourceVersionDate "2014.11.20"]
[SourceQuality "1"]

1. e4 c6 2. d4 d5 3. exd5 cxd5 4. Bf4 Nf6 5. Nf3 Bg4 6. h3 Bh5 7. c3 Nc6 8. Bd3 e6 9. Nbd2 Bd6 10. Bxd6 Qxd6 11. 0-0 0-0 12. Qc2 Bg6 13. Rfe1 Nd7 14. Bxg6 hxg6 15. Qd3 b5 16. a3 a5 17. h4 a4 18. Ng5 Rfe8 19. Qh3 Qf4 20. Ndf3 Qf5 21. g4 Qf4 22. h5 Nf8 23. hxg6 f6 24. Nxe6 Nxe6 25. Rxe6 Rxe6 26. Qh7+ Kf8 27. Qh8+ Ke7 28. Qxa8 Qxg4+ 29. Kf1 Qxf3 30. Qb7+ Kd6 31. Kg1 Re4 32. Qxb5 Rh4 33. Qc5+ Kd7 0-1

[Event "Valpovo op (Women)"]
[Site "Valpovo"]
[Date "2013.12.08"]
[Round "6"]
[White "Sulc, Gordana"]
[Black "Mahmutbegovic, Nadina"]
[Result "0-1"]
[WhiteElo "1923"]
[BlackElo "1801"]
[PlyCount "90"]
[EventDate "2013.12.06"]
[EventType "swiss"]
[EventRounds "7"]
[EventCountry "CRO"]
[SourceTitle "CBM 157 Extra"]
[Source "ChessBase"]
[SourceDate "2013.12.19"]
[SourceVersion "1"]
[SourceVersionDate "2013.12.19"]
[SourceQuality "1"]

1. e4 e5 2. Nf3 Nc6 3. Bb5 a6 4. Ba4 Nf6 5. 0-0 Be7 6. Re1 b5 7. Bb3 0-0 8. h3 d6 9. c3 Na5 10. Bc2 d5 11. Nxe5 dxe4 12. b4 Bd6 13. d4 exd3 14. Bxd3 Re8 15. f4 Nb7 16. a4 c6 17. axb5 cxb5 18. Bxb5 Qb6+ 19. Be3 Qxb5 20. Na3 Qd5 21. Nd3 Bf5 22. Nb2 Qxd1 23. Raxd1 a5 24. Nac4 Bf8 25. b5 Rad8 26. Rxd8 Rxd8 27. Bb6 Ra8 28. Na4 Bd3 29. Nab2 Bxc4 30. Nxc4 a4 31. Ne3 a3 32. c4 a2 33. Bd4 Nc5 34. Nc2 Nb3 35. Bc3 Rc8 36. Ne3 Ne4 37. Be5 Ned2 38. b6 Nc5 39. Ra1 Ra8 40. Rd1 Ndb3 41. Nc2 f6 42. Bb2 Na4 43. b7 Rb8 44. Na1 Nxb2 45. Rd7 Nxa1 0-1